Ekvalizácia histogramu farebného obrazu

Salvato in:
Dettagli Bibliografici
Autore principale: Samel, Matej (Autore)
Altri autori: Pavlovičová, Jarmila, 1963- (Relatore della tesi)
Natura: Manoscritto Libro
Lingua:slovacco
Pubblicazione: Bratislava : STU v Bratislave FEI, 2009
Soggetti:
Tags: Aggiungi Tag
Nessun Tag, puoi essere il primo ad aggiungerne!!

MARC

LEADER 00000ntm a22000003a 4500
001 stu195139
005 20160719165106.9
008 091030s2009------------------------slo-d
040 |a STU  |b slo 
041 0 |a slo 
100 1 |a Samel, Matej  |4 aut 
245 1 |a Ekvalizácia histogramu farebného obrazu 
260 |a Bratislava :  |b STU v Bratislave FEI,  |c 2009 
300 |a 60 s 
650 7 |a Telekomunikácie  |2 stusub 
650 7 |a histogram  |2 stusub 
650 7 |a obrazová technológia  |2 stusub 
700 1 |a Pavlovičová, Jarmila,  |d 1963-  |4 ths  |u E070  |U FEI Fakulta elektrotechniky a informatiky  |T FEI Ústav telekomunikácií  |X 1872  |U E070  |Y 818  |7 A000001872